| 000 | 00544nam a2200169Ia 4500 | ||
|---|---|---|---|
| 008 | 090201s9999 xx 000 0 und d | ||
| 010 | _aKPL-8842 | ||
| 040 | _bमराठी | ||
| 041 | _aमराठी | ||
| 082 |
_a39393 _b8842 |
||
| 100 | _aम. स. पारखे | ||
| 245 |
_aराजराजेश्वर परशुराम _cम. स. पारखे |
||
| 260 |
_c2004 _bज आ मोंडकर |
||
| 300 |
_a123 _bमोठा |
||
| 600 | _aराजराजेश्वर परशुराम | ||
| 942 | _cBOOK | ||
| 999 |
_c236736 _d236736 |
||